Lighter Side Up (Record no. 19366)

MARC details
000 -LEADER
fixed length control field 00591nam a2200229 a 4500
020 ## - INTERNATIONAL STANDARD BOOK NUMBER
ISBN
082 00 - DEWEY DECIMAL CLASSIFICATION NUMBER
Classification number 808.4
Author Cutter RAO
100 ## - MAIN ENTRY--AUTHOR NAME
Author name Rao, Vemaraju Narasimha
245 ## - TITLE STATEMENT
Title Lighter Side Up
Sub title (recollections & Reflections)
260 ## - PUBLICATION, DISTRIBUTION, ETC. (IMPRINT)
Place of publication New Delhi
Name of publisher YMCA Pubs.House
Year of publication 1982
300 ## - PHYSICAL DESCRIPTION
Number of Pages 46p
500 ## - GENERAL NOTE
General note includes index and biblioraphy
650 ## - SUBJECT ADDED ENTRY--TOPICAL TERM
Topical Term Essays-Collection
942 ## - ADDED ENTRY ELEMENTS (KOHA)
Koha item type Books
700 1# -
-- Rao, Vemaraju Narasimha
Holdings
Collection code Home library Current library Date acquired Cost, normal purchase price Full call number Accession Number Koha item type
  Henry Martyn Institute Library Henry Martyn Institute Library 04/27/2010 25.00 808.4 RAO 11002163 Books
                   Copyright © 2026 | Henry Martyn Institute | Hyderabad | TS-500052 | INDIA | Implemented by hmi.edu.in
Hit-Count:

Powered by Koha